| 000 | 00909nas a2200313 4500 | ||
|---|---|---|---|
| 001 | BR0205985 | ||
| 003 | BR-BrBNA | ||
| 005 | 20231205103430.0 | ||
| 007 | ta | ||
| 008 | 230509b bl.|||p| |||| 00| 00por d | ||
| 040 |
_aBR-BrBNA _bpor _cBiblioteca Nacional de Agricultura |
||
| 041 | _a(Pt) | ||
| 072 | _aL70 | ||
| 100 | 1 | _aDearo, A.C. de O. | |
| 100 | 1 | _aReichmann, P. | |
| 245 | 1 | _aFluidoterapia em grandes animais - parte 2: quantidade e vias de administração | |
| 650 | _aEQÜINO | ||
| 650 | _aDESIDRATAÇÃO | ||
| 650 | _aHIDRATAÇÃO | ||
| 650 | _aMECÂNICA DOS FLUIDOS | ||
| 650 | _aELETRÓLITO | ||
| 650 | _aVETERINÁRIA | ||
| 650 | _aMEDICAMENTO | ||
| 650 | _aPOTÁSSIO | ||
| 650 | _aBICARBONATO | ||
| 773 | 0 |
_tRevista de Educação Continuada (Brazil) _xISSN 1516-3326 _g(2001), v. 4(3) p. 3-11 _wBR0205985 |
|
| 909 |
_a202311 _bLúcia _c55 _dLúcia Elande |
||
| 942 |
_2AGRIS _n0 _cANA |
||
| 999 |
_c172823 _d172823 |
||